000 00289nam a2200097Ia 4500
005 20250424112923.0
008 250424s9999 xx 000 0 und d
300 _a107 p. :ill. ; 29 cm.
650 _aLand use--Nigeria--Periodicals. Real estate management--Nigeria--Periodicals.
942 _cSR
999 _c37890
_d37890